00747 2200253 4500001002100000005001700021008004100038020002200079035002500101040001200126082001600138100001500154245011200169250001800281260002700299300003700326504003100363650001500394700001800409850001200427990001800439990001800457990001800475INLIS00000000000493520151013104015.0  a978-979-29-2331-5 a0010-051500000000068 aYOPDYOG 223a658.009 aSUYANTO, M aThe success secrets of Taiwans world wide Sme inb: Crative industriesc/ M. Suyanto; editor, Erang Risanto aEd. 1, Cet. 1 aYogyakartabAndic2014 axiv, 418 hlm.b: ilus.c; 23 cm. aBibliografi : hlm. 411-418 aWiraswasta aERANG Risanto aYOPDYOG a15680-PD/B.15 a15681-PD/B.15 a15682-PD/B.15